000 01061nam a2200241 i 4500
001 001174464
003 AM-YeHGA
005 20250617152645.0
008 161011s2016 ai d|||er|||||001|0|arm||
020 _a9789939642451
040 _aAM-YeHGA
041 0 _aarm
245 0 0 _aԿոռուպցիայի դեմ պայքարը և բարեվարքության արմատավորումը Հայաստանի կրթական ոլորտում /
_cԲաց հասարակության հիմնադրամներ, Կիրառական քաղաքականության կենտրոն.
260 _aԵրևան :
_bԼիմուշ,
_c2016.
300 _a232 էջ :
_bնկ., աղս.
500 _aՏողատակում՝ ծանոթագրություններ:
504 _aՄատենագիտություն՝ էջ 225-230:
650 1 4 _aԿրթություն
650 1 4 _aԿոռուպցիա
710 1 _aԲաց հասարակության հիմնադրամներ-Հայաստան
710 1 _aԿիրառական քաղաքականության կենտրոն
090 _c376957
999 _c375072
_d375072